| 000 | 00552nam a2200169 a 4500 | ||
|---|---|---|---|
| 005 | 20230616063537.0 | ||
| 008 | 991125s1987 mx 000 0 spa u | ||
| 035 | _aUPN01000000168 | ||
| 049 | _aCG | ||
| 050 | 4 |
_aLB3081 _bT5.3 |
|
| 100 | 1 | _aTinto, Vincent | |
| 245 | 1 | 3 |
_aEl abandono de los estudios superiores : _buna nueva perspectiva de las causas del abandono y su tratamiento / _cVincent Tinto ; tr. Carlos María de Allende. |
| 260 |
_aMéxico : _bANUIES : _bUNAM, _c1987. |
||
| 300 | _a268 p. | ||
| 650 | 4 |
_aDeserción escolar _96083 |
|
| 905 | _aLibro | ||
| 999 |
_c168 _d168 |
||